| 000 | 01200 a2200253 4500 | ||
|---|---|---|---|
| 003 | Nust | ||
| 005 | 20230530103159.0 | ||
| 010 | _a 83007562 | ||
| 020 | _a0521245982 | ||
| 020 | _a052128810X (pbk.) | ||
| 040 | _cNust | ||
| 082 | 0 | 0 | _a005.133,ALC |
| 100 | 1 |
_aAlcock, Donald, _9112860 |
|
| 245 | 1 | 0 |
_aIllustrating Fortran (the portable variety) / _cDonald Alcock. |
| 260 |
_aCambridge [Cambridgeshire] ; _aNew York : _bCambridge University Press, _c1982. |
||
| 300 |
_aix, 134 p. : _bill. ; _c24 cm. |
||
| 500 | _aIncludes index. | ||
| 505 | _aIntroduction (Page-1), Structure (Page-11), Elements Of Fortran (Page-19), Control Within A Program Unit (Page-33), Arrays (Page-47), Simple Functions (Page-55), Function And Subroutine Subprograms (Page-65), Common Storage (Page-75), Initialization (Page-85), Input Output (Page-93), Files (Page-117), More Worked Examples (Page-123). | ||
| 650 | 0 | _aComputer programming. | |
| 650 | 0 |
_aFORTRAN (Computer program language) _926734 |
|
| 856 | 4 | 2 |
_3Publisher description _uhttp://www.loc.gov/catdir/description/cam022/83007562.html |
| 856 | 4 | 2 |
_3Table of contents _uhttp://www.loc.gov/catdir/toc/cam029/83007562.html |
| 942 |
_2ddc _cBK _k005.133,ALC |
||
| 999 |
_c176675 _d176675 |
||